00523 2200205 4500001002100000005001500021035002000036007000300056008004100059082001200100084001800112245004400130250000600174260004500180300002400225650002000249650002500269111000900294990001400303INLIS00000000000338420250114015756 a0010-0125000019ta250114 d 0 ind  a371.805 a371.805 IXF p1 aPergantian Tahun 2023-2024 IX-F /cIX F a1 aBogor :bSMP Negeri 15 Kota Bogor,c2024 a78 Halaman ;c21 CM 4aPublikasi Siswa 4aStudent Publications2 aIX F aKS-25/010